000 00271nam a2200121Ia 4500
008 190216s9999||||xx |||||||||||||| ||und||
100 _aMridula Sinha
245 0 _aHindi-Yayavari Ankomse
260 _bNjan Ganga
_c2010
300 _a222
650 _aHindi
942 _cBK
999 _c16774
_d16774